000 00514nam a2200169 i 4500
001 58226
003 ES-MaACL
007 t|
008 031021s1968 sp ||||1| spa d
100 1 _aDuquesne, Jacques.
_946160
245 1 4 _aLos católicos franceses bajo la ocupación /
_cJacques Duquesne ; [traducción de Pere Darnell].
250 _a[1ª ed.].
260 _a[Barcelona] :
_bPenínsula,
_c[1968]
300 _a475 p. ;
_c19 cm.
700 1 _aDarnell, Pedro.
_942741
852 _aES-MaACL
_jG-4565
_bR.65777
999 _c58226
_d58226